Automated trading system (Record no. 13290)

000 -LEADER
fixed length control field 00435nam a22001577a 4500
082 ## - DEWEY DECIMAL CLASSIFICATION NUMBER
Classification number BESE-2
100 ## - MAIN ENTRY--PERSONAL NAME
Personal name Anjli Chhatwani
9 (RLIN) 92502
245 ## - TITLE STATEMENT
Title Automated trading system
260 ## - PUBLICATION, DISTRIBUTION, ETC.
Place of publication, distribution, etc. Islamabad
Name of publisher, distributor, etc. NUST-SEECS
Date of publication, distribution, etc. 2015
300 ## - PHYSICAL DESCRIPTION
Extent 77
Accompanying material CD Include
500 ## - GENERAL NOTE
General note Supervisors:
700 ## - ADDED ENTRY--PERSONAL NAME
Personal name Kausar Perveen
9 (RLIN) 92503
700 ## - ADDED ENTRY--PERSONAL NAME
Personal name Syeda Sundus Zehra
9 (RLIN) 92504
856 ## - ELECTRONIC LOCATION AND ACCESS
Uniform Resource Identifier <a href="http://10.250.8.41:8080/xmlui/handle/123456789/7978">http://10.250.8.41:8080/xmlui/handle/123456789/7978</a>
942 ## - ADDED ENTRY ELEMENTS (KOHA)
Koha item type Project Report
Source of classification or shelving scheme
Holdings
Withdrawn status Lost status Damaged status Not for loan Collection code Permanent Location Current Location Shelving location Date acquired Full call number Barcode Date last seen Price effective from Koha item type
WITHDRAWN         Central Library (CL) Central Library (CL) General Stacks 07/13/2015 BESE-2 ANJ SEECSP01679 07/11/2015 07/11/2015 Project Report
© 2023 Central Library, National University of Sciences and Technology. All Rights Reserved.